000 01387nam a22002897a 4500
001 EPSA 0323
003 gtcocun
005 20250827195742.0
006 a||||gr|||| 00| 0
007 ta
008 250827b2025 gt ||||| m||| 00| 0 eng d
040 _agtcocun
_bSPA
_cgtcocun
_eRDA
041 _aSPA EPSA 0323
084 _0EPSA 0323
100 _aChún Quiix, Marvin Ramiro
_eAutor
245 _aINFORME DEL EJERCICIO PROFESIONAL SUPERVISADO REALIZADO EN ACEITERA Y REPUESTOS LA QUINTA, COBÁN, ALTA VERAPAZ/
_cMarvin Ramiro Chún Quiix
_hImpreso
264 _aCobán, Alta Verapaz:
_bUniversidad de San Carlos de Guatemala, Centro Universitario del Norte, Licenciatura en Administración de Empresas
_c2025
300 _bIlustraciones, gráficas.
_c28 cm;
336 _2rdacontenido
_aTexto
_btxt
502 _eEPSA 0323
502 _aTesis de grado
_bLicenciatura en Administración de Empresas,
_cUniversidad de San Carlos de Guatemala, Centro Universitario del Norte, Licenciatura en Administración de Empresas
_d2025
_oEPSA 0323
650 _2LEMB
_aCobán, Alta Verapaz
_xAdministración
_xOrganización
_xEstandarización
_xEficiencia
_xProcesos
_xGestión
700 _aLcda. Elisa Mariela Alvarado Delgado
_eAsesor
856 _uSin archivo en línea.
_zSin archivo en línea.
942 _2ddc
_cTES
_iEPSA 0323
_kClasificación
_n0
_6EPSA_0323_000000000000000
999 _c1471
_d1471